000 00600nam a2200181 i 4500
001 129054
003 ES-MaACL
005 20230906193429.0
007 t|
008 070605m19211922fr ||||1| fre d
100 1 _aTeissier, Joseph.
_9109530
245 1 4 _aLes albuminuries curables /
_cpar Joseph Teissier.
250 _aNouvelle édition.
260 _aParís :
_bH. Tissier,
_c[entre 1921-1922]
300 _a3 v. ;
_c19 cm.
505 8 _aContiene: v. I.-- Albuminuries fonctionnelles.-- v. II.-- Albuminuries rénales.-- v. III.-- Albuminuries brightiques
852 _aES-MaACL
_jB-11660-62
999 _c129054
_d129054